Die größten Städte mit T - Statistiken

Allgemein
  • Dieses Quiz wurde 159 mal gespielt
  • Das Durchschnittsergebnis liegt bei 10 aus 34
Antwortstatistiken
Land
Antwort Einwohner % Korrekt
Japan Tokio 37.000.000
99%
Iran Teheran 9.700.000
94%
Kanada Toronto 6.500.000
91%
Taiwan Taipeh 2.780.000
84%
Tunesien Tunis 2.550.000
84%
Italien Turin 1.810.000
84%
Israel Tel Aviv 4.600.000
78%
Usbekistan Taschkent 2.670.000
63%
Libyen Tripoli 1.200.000
62%
Georgien Tiflis 1.090.000
53%
Honduras Tegucigalpa 1.650.000
46%
Mexiko Tijuana 2.330.000
40%
Marokko Tanger 1.400.000
34%
China Tianjin 14.000.000
29%
Iran Täbris 1.700.000
12%
Jemen Ta‘izz 1.000.000
10%
Mexiko Toluca 2.700.000
10%
China Taiyuan 4.300.000
8%
China Taizhou 6.300.000
8%
China Tianmen 1.000.000
8%
China Tangshan 4.000.000
7%
China Taoyuan 2.360.000
7%
Indonesien Tangerang 2.630.000
6%
China Tai‘an 1.470.000
5%
Indien Thrissur 3.700.000
5%
Indien Tiruppur 1.780.000
4%
Brasilien Teresina 1.070.000
3%
Indien Thiruvananthapuram 3.000.000
3%
Indien Tiruchirappalli 1.270.000
3%
Mexiko Tampico 1.080.000
2%
D.R Kongo Tshikapa 1.190.000
2%
Indonesien Tasikmalaya 1.300.000
1%
Taiwan Taizhong 1.400.000
0%
China Tengzhou 1.400.000
0%
Keine übereinstimmenden Quizze gefunden
Verteilung der Resultate
Anzahl Personen mit jedem Resultat
Perzentil nach korrekt beantworteten Fragen
Ihre Resultats-Entwicklung
Sie haben dieses Quiz noch nicht gespielt